1296 1359 1464 1116 1300 1967 1051 1819 1129 1031 1793 1570 1893 1353 1814 1035 1697 1215 1217 1556 1530 1121 1862 1989 1108 1087 1710 1192 1490 1911 1659 1413 1341 1516 1960 1075 1595 1072 1136 1447 1081 1146 1192 1394 1885 1987 1250 1900 1028 1149 1489 1478 1422 1541 1611 1803 1523 1484 1288 1398 1183 1716 1785 1025 1031 1801 1401 1604 1829 1381 1132 1131 1133 1369 1493 1593 1151 1110 1925 1749 1311 1476 1828 1534 1224 1094 1098 1011 1841 1652 1148 1010 1555 1235 1257 1435 1533 1279 1992 BCNSPRNW ULIB Ver.6.0+V

เปลี่ยนเป็นภาษาไทย

Change to English
 แสดงรายละเอียดบรรณานุกรม
  กลับหน้าหลัก

Brief Record : Get Marc (ISO 2709) : E-mail record : QR code < ปิดหน้าต่าง
LEADER : 00000nam 2200000uu 4500
001    13399127473
003     ULIB
008    200604s||||||||th 000 0 tha d
020    ^a9781506256375 (pbk.)
050  4 ^aPE1128^bL887Bi
100 1  ^aLougheed, Lin,^d1946-
245 10 ^aBarron s IELTS :^binternational English Language TestingSystem /^cLin Lougheed
246 30 ^aIELTS :^bInternational English Language Testing System
246 30 ^aInternational English Language Testing System
250    ^a5th ed.
260    ^aHauppauge, N.Y. :^bKaplan/Barron s Educational Series,^c2019
300    ^avi, 529 p. :^bill. ;^c28 cm.
505 0  ^aIntroduction -- Preparing for IELTS -- Listening module --Reading module -- Wriiting module -- Speaking module --IELTS model tests -- Audioscripts
650  0 ^aInternational English Language Testing System^vStudyguides
650  0 ^aEnglish language^vTextbooks for foreign speakers
650  0 ^aEnglish language^xExaminations^vStudy guides
653    ^aIELTS
945    ^p0^l0^i28379
999    ^aกัณชพร จุลอักษร
รายการนี้ยังไม่มีแท็ก
คุณยังไม่ได้ล็อกอิน คุณสามารถมีกิจกรรมร่วมกับเว็บไซต์ได้ แต่ต้องล็อกอินก่อน ::
  ล็อกอิน

รายการสื่อสารสนเทศ

ลำดับที่ ประเภท เลขเรียก/บาร์โค้ด สถานที่ สถานะ
1. หนังสือสำรอง
หนังสือสำรอง
PE1128 L887Bi ฉ.1 
  Barcode: 28379
ห้องสมุดวิทยาเขตนครสวรรค์
►หนังสือทั่วไป:l:General Books
บนชั้น

BibComment


ยังไม่เคยถูกคอมเมนท์

คอมเมนท์ทรัพยากรรายการนี้
  คอมเมนท์: Barron s IELTS ..


 Copyright 2026. Bcnsprnw @Library